Paintings By Picture - Statistics

General Stats
  • This quiz has been taken 102 times
  • The average score is 13 of 30
Answer Stats
Picture Answer % Correct
Mona Lisa
99%
The Scream
99%
The Starry Night
95%
The Last Supper
88%
Sunflowers
74%
American Gothic
73%
The Kiss
72%
The Birth Of Venus
69%
The Creation Of Adam
64%
The Night Watch
64%
Girl With a Pearl Earring
61%
Water Lilies
46%
The Persistence Of Memory
43%
Nighthawks
42%
School Of Athens
41%
Vitruvian Man
41%
Dogs Playing Poker
35%
Campbell's Soup
34%
Liberty Leading The People
32%
Dark Side Of The Moon
24%
Portrait Of Henry VIII
20%
The Garden Of Earthly Delights
19%
Composition 8
15%
Old Guitarist
15%
The Great Wave off Kanagawa
15%
Dance at Bougival
8%
Composition A
7%
Balloon Girl
5%
House Of Parliament
4%
Mountain Retreat
1%
No matching quizzes found
Score Distribution
Percent of People with Each Score
Percentile by Number Answered
Your Score History
You have not taken this quiz